书目信息 |
| 题名: |
建筑施工技术
|
|
| 作者: | 钟汉华 , 董伟 主编 ;钱大行 , 姚荣 副主编 | |
| 分册: | ||
| 出版信息: | 重庆 重庆大学出版社 2010.04 |
|
| 页数: | 303页 | |
| 开本: | 26cm | |
| 丛书名: | 高等职业教育建筑工程技术专业精品系列教材 | |
| 单 册: | ||
| 中图分类: | TU74 | |
| 科图分类: | ||
| 主题词: | 建筑工程--工程施工--施工技术--高等学校--技术学校--教材 | |
| 电子资源: | ||
| ISBN: | 978-7-5624-5330-7 | |
| 000 | 01137nam 2200289 450 | |
| 001 | 1034849468 | |
| 005 | 20210506091137.69 | |
| 010 | @a978-7-5624-5330-7@dCNY33.00 | |
| 100 | @a20101129d km y0chiy0120 ea | |
| 101 | 0 | @achi |
| 102 | @aCN@b510000 | |
| 105 | @aa a 000yy | |
| 200 | 1 | @a建筑施工技术@Ajian zhu shi gong ji shu@f钟汉华, 董伟主编@g钱大行, 姚荣副主编 |
| 210 | @a重庆@c重庆大学出版社@d2010.04 | |
| 215 | @a303页@c图@d26cm | |
| 225 | 2 | @a高等职业教育建筑工程技术专业精品系列教材 |
| 320 | @a有书目 | |
| 330 | @a本书为高等职业教育土建施工类各专业的核心专业教材。全书共分十章,包括土方工程、地基处理与基础工程、砌筑及外墙外保温工程、混凝土结构工程、预应力混凝土工程、结构安装工程、钢结构工程、防水及屋面保温工程、建筑装饰装修工程、建筑幕墙工程等。 | |
| 410 | @12001 @a高等职业教育建筑工程技术专业精品系列教材 | |
| 606 | 0 | @a建筑工程@x工程施工@x施工技术@x高等学校@x技术学校@x教材 |
| 690 | @aTU74@v4 | |
| 701 | 0 | @a钟汉华@Azhong han hua@4主编 |
| 701 | 0 | @a董伟@Adong wei@4主编 |
| 702 | 0 | @a钱大行@Aqian da xing@4副主编 |
| 702 | 0 | @a姚荣@Ayao rong@4副主编 |
| 801 | 0 | @aCN@c20101129 |
| 905 | @dTU74@eZ728-2 | |
| 建筑施工技术/钟汉华, 董伟主编/钱大行, 姚荣副主编.-重庆:重庆大学出版社,2010.04 |
| 303页:图;26cm.-(高等职业教育建筑工程技术专业精品系列教材) |
| ISBN 978-7-5624-5330-7:CNY33.00 |
| 本书为高等职业教育土建施工类各专业的核心专业教材。全书共分十章,包括土方工程、地基处理与基础工程、砌筑及外墙外保温工程、混凝土结构工程、预应力混凝土工程、结构安装工程、钢结构工程、防水及屋面保温工程、建筑装饰装修工程、建筑幕墙工程等。 |
| ● |
| 相关链接 |
|
|
|
正题名:建筑施工技术
索取号:TU74/Z728-2
 
预约/预借
| 序号 | 登录号 | 条形码 | 馆藏地/架位号 | 状态 | 备注 |
| 1 | 1032208 | 210322088 | 建筑库201/201建筑库 108排4列3层/ [索取号:TU74/Z728-2] | 在馆 | |
| 2 | 1032209 | 210322097 | 建筑库201/201建筑库 108排4列3层/ [索取号:TU74/Z728-2] | 在馆 | |
| 3 | 1032210 | 210322104 | 建筑库201/201建筑库 108排4列3层/ [索取号:TU74/Z728-2] | 在馆 |